| 000 | 00573nam a2200169Ia 4500 | ||
|---|---|---|---|
| 003 | GCL | ||
| 008 | 140319s9999 xx 000 0 ara d | ||
| 040 |
_aGCL / _cGCL |
||
| 082 | 0 | 4 |
_aق _b091.1 _bم م |
| 245 | 1 | 0 | _aمن نوادر مخطوطات مكتبة الازهر الشريف |
| 260 |
_aالقاهرة : _bمكتبة الازهر الشريف ، _c2002 |
||
| 300 |
_a68 ص ؛ _c20 سم |
||
| 650 | 0 | 4 | _aالمخطوطات العربية |
| 650 | 0 | 4 | _aالكتب النادرة |
| 650 | 0 | 4 | _aالمخطوطات العربية والاسلامية |
| 942 |
_2ddc _cBK |
||
| 999 |
_c56808 _d56808 |
||